| 000 | 02345nam0a2200445 4500 | ||
|---|---|---|---|
| 001 | RU\NLR\BIBL_A\012151131 | ||
| 005 | 20200130134734.0 | ||
| 010 |
_a978-5-02-040562-2 _9300 |
||
| 021 |
_aRU _bКН-П-19-081963 _9КН-П-19-5959 |
||
| 035 | _a(NLR Aleph) 012151131 | ||
| 035 | _a(RuMoRGB)010137774 | ||
| 090 |
_a12149273 _c12149273 |
||
| 100 | _a20191202d2019 k y0rusy50 ca | ||
| 101 | 1 |
_arus _aeng _cmul |
|
| 102 | _aRU | ||
| 105 | _ay|||z|||010zy | ||
| 200 | 1 |
_aГерхард Оберхаммер: индолог и философ _e[коллективная монография, содержащая материалы, ранее опубликованные в журнале "Вопросы философии" _fавторы и переводчики: Р.В. Псху, Л.Э. Крыштоп, Н.Н. Данилова и др.] _gответственный редактор Р.В. Псху _gРоссийский университет дружбы народов |
|
| 210 |
_aМосква _cНаука - Восточная литература _d2019 |
||
| 215 |
_a190 с. _d22 |
||
| 300 | _aЧасть текста англ. | ||
| 300 | _aНа 5-й с.: К 90-летнему юбилею мыслителя | ||
| 320 | _aБиблиогр.: с. 180-186 и в подстроч. примеч. | ||
| 600 | 1 |
_aОберхаммер _bГ. _gГерхард _f1929 _2nlr_sh2 _3RU\NLR\AUTH\6601666999 |
|
| 686 | 1 | _aТ1(4А)63-8 | |
| 686 | 1 | _aЮ3(4А)6 | |
| 686 | 2 | _aЭ331г(4А) | |
| 701 | 1 |
_aПсху _bР. В. _f1978- _gРузана Владимировна |
|
| 701 | 1 |
_aКрыштоп _bЛ. Э. _gЛюдмила Эдуардовна |
|
| 701 | 1 |
_aДанилова _bН. Н. _cканд. филол. наук _gНадежда Николаевна _3RU\NLR\AUTH\770213905 |
|
| 702 | 1 |
_aОберхаммер _bГ. _f1929- _gГерхард _4570 |
|
| 712 | 0 | 2 |
_a"Вопросы философии", журнал _cМосква _3RU\NLR\AUTH\8810134766 _4570 |
| 712 | 0 | 2 |
_aРоссийский университет дружбы народов _3RU\NLR\AUTH\883055 _4570 |
| 942 | _cBOOK | ||
| 980 | _aNBR | ||
| 980 | _aNB | ||